Study of factors affecting oxidative stability of precooked chunked and formed beef roasts /

Bibliographic Details
Main Author: Leu, Jyh-Pyng Romeo, 1953-
Other Authors: Cross, H. R. (degree committee member.), Dill, C. W. (degree committee member.), Russell, L. H. (degree committee member.)
Format: Thesis Book
Language:English
Published: 1986.
Subjects:
Online Access:Link to ProQuest copy
Link to OAKTrust copy
ProQuest, Abstract

MARC

Tag First Indicator Second Indicator Subfields
LEADER 00000ctm a2200000Ia 4500
001 in00000018091
005 20220104090742.0
008 880613s1986 xx a bm 000 0 eng d
035 |9 AAB0575AM 
035 |a (OCoLC)18078583 
035 |a (OCoLC)ocm18078583 
040 |a TXA  |b eng  |c TXA  |d OCLCQ  |d OCLCF  |d OCLCO  |d OCLCQ  |d UMI  |d TXA 
049 |a TXAM 
099 |a 1986  |a Disser-  |a tation  |a L652 
100 1 |a Leu, Jyh-Pyng Romeo,  |d 1953- 
245 1 0 |a Study of factors affecting oxidative stability of precooked chunked and formed beef roasts / 
264 1 |c 1986. 
300 |a xi, 95 leaves :  |b illustrations ;  |c 29 cm 
336 |a text  |b txt  |2 rdacontent 
337 |a unmediated  |b n  |2 rdamedia 
338 |a volume  |b nc  |2 rdacarrier 
500 |a "Major subject: Food Science and Technology." 
500 |a Typescript (photocopy). 
500 |a Vita. 
502 |b Ph. D.  |c Texas A & M University  |d 1986 
504 |a Includes bibliographical references (leaves 73-85). 
520 3 |a A nationwide survey, including 150 university and college food service managers, was conducted to determine the impact of warmed-over flavor (WOF) on food acceptance in establishments serving food to the public. Additionally, a consumer study, including 100 staff and faculty members at Texas A&M University, was initiated to gather the information from the consumers' point of view. The results indicate that the food service industry seems to believe that very little, if any, WOF exists. However, the consumer survey appears to substantiate the claim that a prominent WOF exists. The effects of defatted glandless cottonseed flour (GCF) level (0%, 1%, 2% and 3%) and refrigerated storage time (0, 2, 4, 8 and 16 days) on WOF development and sensory attributes of chunked and formed beef roasts were determined over three replications. Data from the study suggest that GCF is an effective antioxidant for the precooked roasts. The addition of GCF at the higher level (3%) had adverse effects on textural characteristics and flavor of beef rolls. TBA values and total carbonyl compounds were highly correlated with taste panel response to rancidity. Based on the sensory ratings and oxidative stability, 1.5% GCF is recommended for the manufacturing of the restructured beef roasts. The effects of chilling method (ice bath, blast freezer and hydrochiller) and refrigerated storage time (0, 12, 24, 48, 72 and 144 hr) on rancidity development were also studied. Hydrochilling with propylene glycol had the highest heat transfer coefficient among three chilling methods investigated. Both ice bath and blast freezer chilled beef rolls had lower WOF scores and TBA numbers than those of hydrochiller treated samples. The reason behind the rancidity development in hydrochilling needs to be addressed in future research. 
650 0 |a Antioxidants. 
650 0 |a Beef  |x Quality. 
650 0 |a Oxidation, Physiological. 
650 4 |a Major food science and technology. 
655 7 |a Academic theses  |2 lcgft 
700 1 |a Cross, H. R.,  |e degree committee member. 
700 1 |a Dill, C. W.,  |e degree committee member. 
700 1 |a Keeton, J. T.,  |e degree supervisor. 
700 1 |a Landmann, W. A.,  |e degree supervisor. 
700 1 |a Russell, L. H.,  |e degree committee member. 
710 2 |a Texas A & M University,  |e degree granting institution. 
856 4 1 |u http://proxy.library.tamu.edu/login?url=http://proquest.umi.com/pqdweb?did=752634171&sid=1&Fmt=2&clientId=2945&RQT=309&VName=PQD  |z Link to ProQuest copy  |t 0 
856 4 1 |u https://hdl.handle.net/1969.1/DISSERTATIONS-24229  |z Link to OAKTrust copy  |t 0 
856 4 2 |3 ProQuest, Abstract  |u http://gateway.proquest.com/openurl?url_ver=Z39.88-2004&rft_val_fmt=info:ofi/fmt:kev:mtx:dissertation&res_dat=xri:pqm&rft_dat=xri:pqdiss:8707438  |t 0 
994 |a C0  |b TXA 
999 f f |s 46169e7e-0133-31dc-bcfb-ff8989a87cc8  |i 45ffcd26-b202-3949-9565-527efb9fb90d  |t 0 
952 f f |p noncirc  |a Texas A&M University  |b J.J. Pickle Campus  |c High Density Repository  |s HDR  |d Remote Storage  |t 0  |e 1986 Dissertation L652  |h Other scheme  |i unmediated -- volume  |m A14839614948 
952 f f |a Texas A&M University  |b College Station  |c Electronic Resources  |s www_evans  |d Available Online  |t 0  |e 1986 Dissertation L652  |h Other scheme 
998 f f |a 1986 Dissertation L652  |t 0  |l Available Online 
998 f f |a 1986 Dissertation L652  |t 0  |l Remote Storage